Quantum Mechanics (Record no. 478360)
[ view plain ]
| 000 -LEADER | |
|---|---|
| fixed length control field | 00491nam a22001697a 4500 |
| 003 - CONTROL NUMBER IDENTIFIER | |
| control field | NUST |
| 005 - DATE AND TIME OF LATEST TRANSACTION | |
| control field | 20180523052717.0 |
| 008 - FIXED-LENGTH DATA ELEMENTS--GENERAL INFORMATION | |
| fixed length control field | 180523b ||||| |||| 00| 0 eng d |
| 020 ## - INTERNATIONAL STANDARD BOOK NUMBER | |
| International Standard Book Number | 9780465036677 |
| 038 ## - RECORD CONTENT LICENSOR | |
| Staff Name | SNS Library |
| 082 ## - DEWEY DECIMAL CLASSIFICATION NUMBER | |
| Classification number | 530.12 |
| 100 ## - MAIN ENTRY--PERSONAL NAME | |
| Personal name | Leonard Susskind and Art Friedman |
| 9 (RLIN) | 10467 |
| 245 ## - TITLE STATEMENT | |
| Title | Quantum Mechanics |
| Remainder of title | The Theoretical Minimum |
| Statement of responsibility, etc. | Leonard Susskind and Art Friedman |
| 260 ## - PUBLICATION, DISTRIBUTION, ETC. | |
| Place of publication, distribution, etc. | New York |
| Name of publisher, distributor, etc. | Basic Books |
| Date of publication, distribution, etc. | 2014 |
| 300 ## - PHYSICAL DESCRIPTION | |
| Extent | 364 p |
| Other physical details | Hb. |
| 942 ## - ADDED ENTRY ELEMENTS (KOHA) | |
| Source of classification or shelving scheme | |
| Koha item type | Book |
| Withdrawn status | Lost status | Source of classification or shelving scheme | Damaged status | Not for loan | Permanent Location | Current Location | Date acquired | Total Checkouts | Full call number | Barcode | Date last seen | Date last checked out | Price effective from | Koha item type |
|---|---|---|---|---|---|---|---|---|---|---|---|---|---|---|
| School of Natural Sciences (SNS) | School of Natural Sciences (SNS) | 05/23/2018 | 2 | 530.12 | SNS0002456 | 12/14/2022 | 07/05/2022 | 05/23/2018 | Book |
